[Event "POL-chT 2nd League"]
[Site "Jastrzebia Gora"]
[Date "2022.09.11"]
[Round "9.116"]
[White "Pazdzierz, Piotr"]
[Black "Rymaszewski, Dariusz"]
[Result "1/2-1/2"]
[WhiteElo "1599"]
[BlackElo "2050"]
[PlyCount "100"]
[EventDate "2022.09.03"]
[EventType "team-swiss"]
[EventRounds "9"]
[EventCountry "POL"]
[SourceTitle "CBM 210 Extra"]
[Source "ChessBase"]
[SourceDate "2022.11.30"]
[SourceVersion "1"]
[SourceVersionDate "2022.11.30"]
[SourceQuality "1"]
[WhiteTeam "Skarzysko Kamienna"]
[BlackTeam "Olesnica Pogon"]
[WhiteTeamCountry "POL"]
[BlackTeamCountry "POL"]

1. c4 g6 2. Nc3 Bg7 3. g3 e5 4. Bg2 Nc6 5. e3 d6 6. Nge2 f5 7. d4 Nf6 8. 0-0 0-0 9. Rb1 Re8 10. b4 Qe7 11. b5 Nd8 12. Ba3 Nf7 13. c5 exd4 14. exd4 dxc5 15. dxc5 Be6 16. Bxb7 Rad8 17. Qa4 Ne4 18. Nxe4 fxe4 19. c6 Qg5 20. Bc1 Qg4 21. Nf4 Ne5 22. h3 Qf5 23. b6 axb6 24. Rxb6 g5 25. g4 Qf7 26. Nxe6 Rxe6 27. Rb3 Nf3+ 28. Kg2 Nh4+ 29. Kg1 Rf8 30. Ba6 Nf3+ 31. Kg2 Nh4+ 32. Kh1 e3 33. Rxe3 Rxe3 34. Bc4 Re6 35. Qb3 Rfe8 36. Bxg5 Qf3+ 37. Qxf3 Nxf3 38. Bf4 Kf8 39. Bxe6 Rxe6 40. Bxc7 Rxc6 41. Bf4 Rc2 42. Kg2 Nh4+ 43. Kg3 Ng6 44. Bd6+ Kf7 45. a3 Ke6 46. Bb4 Re2 47. f4 Kf7 48. Kf3 Rh2 49. Kg3 Rb2 50. Rf3 Rb1 1/2-1/2

[Event "POL-chT 2nd League"]
[Site "Jastrzebia Gora"]
[Date "2022.09.05"]
[Round "3.105"]
[White "Duda, Lukasz"]
[Black "Rymaszewski, Dariusz"]
[Result "1/2-1/2"]
[WhiteElo "2115"]
[BlackElo "2050"]
[PlyCount "30"]
[EventDate "2022.09.03"]
[EventType "team-swiss"]
[EventRounds "9"]
[EventCountry "POL"]
[SourceTitle "CBM 210 Extra"]
[Source "ChessBase"]
[SourceDate "2022.11.30"]
[SourceVersion "1"]
[SourceVersionDate "2022.11.30"]
[SourceQuality "1"]
[WhiteTeam "Gliwice Politechnika Slaska"]
[BlackTeam "Olesnica Pogon"]
[WhiteTeamCountry "POL"]
[BlackTeamCountry "POL"]

1. d4 Nf6 2. Bf4 c5 3. e3 Qb6 4. b3 Nd5 5. Bxb8 Rxb8 6. c4 Nf6 7. Nf3 g6 8. Nc3 Bg7 9. Rc1 0-0 10. Be2 d6 11. 0-0 Rd8 12. d5 Qa5 13. Qc2 a6 14. a4 Bd7 15. e4 Ng4 1/2-1/2

[Event "POL-ch blitz"]
[Site "Szczawno Zdroj"]
[Date "2018.12.16"]
[Round "8"]
[White "Stachowiak, Kamil"]
[Black "Rymaszewski, Dariusz"]
[Result "1-0"]
[WhiteElo "2427"]
[BlackElo "2053"]
[PlyCount "57"]
[EventDate "2018.12.16"]
[EventType "swiss (blitz)"]
[EventRounds "15"]
[EventCountry "POL"]
[SourceTitle "CBM 187 Extra"]
[Source "ChessBase"]
[SourceDate "2018.11.04"]
[SourceVersion "1"]
[SourceVersionDate "2018.11.04"]
[SourceQuality "1"]

1. d4 g6 2. Nf3 Bg7 3. c4 d6 4. Nc3 Nf6 5. g3 0-0 6. Bg2 Nc6 7. 0-0 Bg4 8. d5 Na5 9. Nd2 c5 10. Qc2 e5 11. e4 Qd7 12. a3 b6 13. b4 Nb7 14. Bb2 Bh3 15. Rae1 Bxg2 16. Kxg2 Nh5 17. Nf3 h6 18. Bc1 Rac8 19. b5 Na5 20. Nd1 f5 21. exf5 gxf5 22. Nh4 Qf7 23. f4 Bf6 24. Nxf5 Kh8 25. Nxd6 Qg7 26. Nxc8 exf4 27. Bxf4 Rxc8 28. Qf5 Rg8 29. Qxh5 1-0

[Event "POL-chT 1st League"]
[Site "Pokrzywna"]
[Date "2018.09.08"]
[Round "8.3"]
[White "Kalmuk, Krzysztof"]
[Black "Rymaszewski, Dariusz"]
[Result "1/2-1/2"]
[WhiteElo "2025"]
[BlackElo "2052"]
[PlyCount "264"]
[EventDate "2018.09.01"]
[EventType "team-tourn"]
[EventRounds "9"]
[EventCountry "POL"]
[SourceTitle "CBM 186 Extra"]
[Source "ChessBase"]
[SourceDate "2018.08.24"]
[SourceVersion "1"]
[SourceVersionDate "2018.08.24"]
[SourceQuality "1"]
[WhiteTeam "Gliwice Politechnika Slaska"]
[BlackTeam "Gostynin Gostmat 83"]
[WhiteTeamCountry "POL"]
[BlackTeamCountry "POL"]

1. Nf3 g6 2. d4 Bg7 3. g3 Nf6 4. Bg2 0-0 5. 0-0 d6 6. b3 e5 7. dxe5 Ng4 8. Bg5 Qe8 9. Nc3 h6 10. Bd2 dxe5 11. Nd5 Na6 12. h3 e4 13. hxg4 exf3 14. exf3 Qd8 15. Bc3 c6 16. Bxg7 Kxg7 17. Ne3 Qf6 18. Qe2 Nc7 19. Rad1 Nb5 20. Rd3 Be6 21. f4 Rad8 22. c4 Rxd3 23. Qxd3 Rd8 24. Qb1 Nd4 25. Re1 Bc8 26. c5 Ne6 27. Qc2 Nd4 28. Qe4 Ne6 29. Qb4 Qd4 30. Qxd4+ Rxd4 31. Rc1 Rd2 32. f5 Nd4 33. Rc4 gxf5 34. gxf5 Nxf5 35. Rc2 Rd8 36. b4 Nxe3 37. fxe3 Rd3 38. Kf2 Ra3 39. Ke2 a6 40. Be4 Be6 41. Kf3 Kf6 42. Kf4 Bxa2 43. Rh2 Ra4 44. Rxh6+ Ke7 45. Bf5 Rxb4+ 46. e4 a5 47. Rd6 Be6 48. Bxe6 fxe6 49. Ke5 a4 50. Rxe6+ Kf7 51. Rf6+ Kg7 52. Rf3 Rc4 53. Re3 Rxc5+ 54. Kd6 Ra5 55. e5 a3 56. e6 a2 57. e7 Rd5+ 58. Kc7 a1Q 59. e8Q Qa5+ 60. Kc8 Qa8+ 61. Kc7 Qxe8 62. Rxe8 Rb5 63. Re3 Kf6 64. Kd6 Kf5 65. Kc7 c5 66. Kd6 b6 67. Re8 c4 68. Kc6 Rb3 69. Kd5 b5 70. Rf8+ Kg4 71. Rg8+ Kh3 72. g4 c3 73. g5 b4 74. g6 c2 75. g7 Rg3 76. Rh8+ Kg2 77. g8Q Rxg8 78. Rxg8+ Kf2 79. Rc8 b3 80. Rc3 Ke1 81. Kc4 b2 82. Rxc2 b1Q 83. Kc3 Qb5 84. Ra2 Qc5+ 85. Kb3 Kd1 86. Rb2 Kc1 87. Ra2 Qb5+ 88. Kc3 Kb1 89. Rd2 Qa5+ 90. Kd3 Qa3+ 91. Ke2 Qc3 92. Kd1 Qe3 93. Rb2+ Ka1 94. Rc2 Qd3+ 95. Kc1 Qf1+ 96. Kd2 Kb1 97. Rc3 Qf2+ 98. Kd3 Kb2 99. Rc4 Qf1+ 100. Kd4 Qf4+ 101. Kd3 Qd6+ 102. Rd4 Qa6+ 103. Kd2 Qa5+ 104. Kd3 Kb3 105. Ke4 Qa8+ 106. Ke3 Kc3 107. Rd3+ Kc4 108. Rd4+ Kc5 109. Re4 Qd5 110. Kf4 Qd2+ 111. Kf5 Qf2+ 112. Ke5 Qf7 113. Re3 Qe7+ 114. Kf4 Qd6+ 115. Kf3 Qd1+ 116. Ke4 Qd5+ 117. Kf4 Kd4 118. Rf3 Qe5+ 119. Kg4 Ke4 120. Rg3 Qh8 121. Rg2 Qc8+ 122. Kg3 Ke3 123. Kh2 Qh8+ 124. Kg1 Qh4 125. Rg8 Qe1+ 126. Kh2 Qh4+ 127. Kg1 Qe1+ 128. Kh2 Qd2+ 129. Kg1 Qd1+ 130. Kh2 Qd6+ 131. Kg1 Kf3 132. Kh1 Qd5 1/2-1/2

[Event "POL-chT 1st League"]
[Site "Pokrzywna"]
[Date "2018.09.07"]
[Round "7.3"]
[White "Rymaszewski, Dariusz"]
[Black "Jaroch, Karol"]
[Result "0-1"]
[WhiteElo "2052"]
[BlackElo "2222"]
[PlyCount "80"]
[EventDate "2018.09.01"]
[EventType "team-tourn"]
[EventRounds "9"]
[EventCountry "POL"]
[SourceTitle "CBM 186 Extra"]
[Source "ChessBase"]
[SourceDate "2018.08.24"]
[SourceVersion "1"]
[SourceVersionDate "2018.08.24"]
[SourceQuality "1"]
[WhiteTeam "Gostynin Gostmat 83"]
[BlackTeam "Pawlowice Gminy"]
[WhiteTeamCountry "POL"]
[BlackTeamCountry "POL"]

1. e4 e6 2. d4 d5 3. Nc3 Bb4 4. a3 Bxc3+ 5. bxc3 Ne7 6. e5 c5 7. Nf3 Nbc6 8. Bd3 Qa5 9. 0-0 Bd7 10. Re1 c4 11. Bf1 0-0 12. h4 f6 13. exf6 Rxf6 14. Bg5 Rf7 15. Qd2 Raf8 16. Bxe7 Rxe7 17. Ne5 Nxe5 18. Rxe5 Ref7 19. Re2 Rf4 20. g3 Rf3 21. Bg2 Qxc3 22. Qxc3 Rxc3 23. Kh2 b5 24. f4 g6 25. Bh3 Kf7 26. Kg2 a5 27. Kf2 Ke7 28. Ra2 Rb8 29. Re3 Rxe3 30. Kxe3 b4 31. axb4 axb4 32. Kd2 c3+ 33. Kc1 Bb5 34. Ra7+ Kd6 35. Kb1 b3 36. Ra3 Bc4 37. Bg4 h5 38. Bd1 b2 39. Bf3 Ke7 40. Bd1 Rb6 0-1

[Event "POL-chT 2nd League"]
[Site "Szklarska Poreba"]
[Date "2017.09.06"]
[Round "5.7"]
[White "Rymaszewski, Dariusz"]
[Black "Dudzinski, Pawel"]
[Result "0-1"]
[WhiteElo "2150"]
[BlackElo "2244"]
[PlyCount "102"]
[EventDate "2017.09.02"]
[EventType "team-swiss"]
[EventRounds "9"]
[EventCountry "POL"]
[SourceTitle "CBM 180 Extra"]
[Source "ChessBase"]
[SourceDate "2017.10.06"]
[SourceVersion "1"]
[SourceVersionDate "2017.10.06"]
[SourceQuality "1"]
[WhiteTeam "Gostynin Gostmat 83"]
[BlackTeam "Ostrow Wielkopolski"]
[WhiteTeamCountry "POL"]
[BlackTeamCountry "POL"]

1. Nf3 g6 2. e4 c6 3. d4 d5 4. Nbd2 Bg7 5. c3 Nd7 6. e5 f6 7. exf6 exf6 8. Bd3 Qe7+ 9. Qe2 Qxe2+ 10. Kxe2 Ne7 11. Re1 Kf7 12. Kf1 Re8 13. Nb3 a5 14. Bf4 a4 15. Nbd2 Nf8 16. h3 g5 17. Bh2 Nfg6 18. Re2 Bf5 19. Ne1 h5 20. Ndf3 g4 21. Ng1 Bf8 22. Rd1 gxh3 23. Nxh3 Bg4 24. f3 Bf5 25. Kf2 Bh6 26. Bc2 Bxc2 27. Nxc2 Nf5 28. Rde1 Rxe2+ 29. Rxe2 Re8 30. g4 hxg4 31. fxg4 Ng7 32. Nb4 Ne6 33. Nd3 Rg8 34. Bg3 Ngf8 35. Kf3 Nh7 36. Bh4 Nhg5+ 37. Bxg5 Bxg5 38. Kg3 Bh6 39. Rf2 Bf8 40. Ne5+ Ke7 41. Nf3 Kd7 42. g5 Bh6 43. Kg4 Bxg5 44. Kf5 Ng7+ 45. Kg6 Ne8+ 46. Kh7 Rg7+ 47. Kh8 Bh6 48. Rh2 Nd6 49. Nhg5 Rxg5 50. Rxh6 Nf7+ 51. Kh7 Nxh6 0-1

[Event "POL-chT 2nd League"]
[Site "Szklarska Poreba"]
[Date "2017.09.04"]
[Round "3.2"]
[White "Lizak, Jakub"]
[Black "Rymaszewski, Dariusz"]
[Result "1-0"]
[WhiteElo "2222"]
[BlackElo "2150"]
[PlyCount "59"]
[EventDate "2017.09.02"]
[EventType "team-swiss"]
[EventRounds "9"]
[EventCountry "POL"]
[SourceTitle "CBM 180 Extra"]
[Source "ChessBase"]
[SourceDate "2017.10.06"]
[SourceVersion "1"]
[SourceVersionDate "2017.10.06"]
[SourceQuality "1"]
[WhiteTeam "Gliwice Politechnika Slaska"]
[BlackTeam "Gostynin Gostmat 83"]
[WhiteTeamCountry "POL"]
[BlackTeamCountry "POL"]

1. e4 c5 2. Nf3 Nc6 3. Bb5 g6 4. Bxc6 dxc6 5. d3 Bg7 6. h3 Nf6 7. Nc3 Nd7 8. Be3 Qa5 9. Qd2 Nf8 10. Bh6 Bxh6 11. Qxh6 Ne6 12. h4 f6 13. h5 g5 14. 0-0-0 Qc7 15. g3 Kf7 16. d4 Ng7 17. d5 Bg4 18. Rd3 Rad8 19. Nxg5+ Kg8 20. Nf3 c4 21. Rh4 Bc8 22. Rd4 b5 23. e5 fxe5 24. Rhg4 Bxg4 25. Rxg4 e6 26. Ng5 Re8 27. Nxe6 Rxe6 28. Qxe6+ Kf8 29. Qf6+ Qf7 30. Qxe5 1-0

[Event "POL-chT3 Dolnoslaskie 1314"]
[Site "Poland"]
[Date "2014.02.02"]
[Round "8.6"]
[White "Koszkul, Wojciech"]
[Black "Rymaszewski, Dariusz"]
[Result "0-1"]
[WhiteElo "1941"]
[BlackElo "2180"]
[PlyCount "90"]
[EventDate "2013.10.20"]
[EventType "team-tourn"]
[EventRounds "11"]
[EventCountry "POL"]
[SourceTitle "EXT 2018"]
[Source "ChessBase"]
[SourceDate "2017.10.13"]
[SourceVersion "1"]
[SourceVersionDate "2017.10.13"]
[SourceQuality "1"]
[WhiteTeam "Przedwojow Debiut"]
[BlackTeam "Goliszow LZS Mewa"]
[WhiteTeamCountry "POL"]
[BlackTeamCountry "POL"]

1. d4 Nf6 2. Nf3 g6 3. c4 Bg7 4. Nc3 0-0 5. e4 d6 6. Be2 Bg4 7. h3 Bxf3 8. Bxf3 Nfd7 9. Be3 Nc6 10. 0-0 e5 11. d5 Nd4 12. Bxd4 exd4 13. Nb5 c5 14. dxc6 bxc6 15. Nxd4 Qb6 16. Nb3 Bxb2 17. Rb1 Be5 18. Qc2 a5 19. Nd2 Qa7 20. Bg4 Nc5 21. Nb3 Ne6 22. Bxe6 fxe6 23. c5 a4 24. Nd2 dxc5 25. Nf3 Rxf3 26. gxf3 Rf8 27. Rfc1 Qe7 28. Qxc5 Qg5+ 29. Kf1 Qh5 30. Qxc6 Qxh3+ 31. Ke1 Kg7 32. Rb7+ Kh6 33. Qc4 Qxf3 34. Rc2 Rd8 35. Rd2 Bc3 36. Rxh7+ Kg5 37. Qc5+ Kg4 38. Rh4+ Kxh4 39. Qe7+ Qf6 40. Qh7+ Kg5 41. f4+ Qxf4 42. Qe7+ Qf6 43. Qc5+ Kh4 44. e5 Bxd2+ 45. Ke2 Qg5 0-1

[Event "POL-chT3 Dolnoslaskie 1314"]
[Site "Poland"]
[Date "2013.12.15"]
[Round "5.27"]
[White "Rymaszewski, Dariusz"]
[Black "Wrobel, Maciej"]
[Result "1-0"]
[WhiteElo "2180"]
[BlackElo "1953"]
[PlyCount "71"]
[EventDate "2013.10.20"]
[EventType "team-tourn"]
[EventRounds "11"]
[EventCountry "POL"]
[SourceTitle "EXT 2018"]
[Source "ChessBase"]
[SourceDate "2017.10.13"]
[SourceVersion "1"]
[SourceVersionDate "2017.10.13"]
[SourceQuality "1"]
[WhiteTeam "Goliszow LZS Mewa"]
[BlackTeam "Olawa MGLKS Parnas"]
[WhiteTeamCountry "POL"]
[BlackTeamCountry "POL"]

1. d4 Nf6 2. Nf3 g6 3. c4 Bg7 4. Nc3 0-0 5. e4 d6 6. Be2 e5 7. 0-0 Nc6 8. d5 Ne7 9. b4 Nh5 10. c5 Nf4 11. Bxf4 exf4 12. Rc1 a5 13. a3 h6 14. Nd2 f5 15. Bf3 g5 16. Nc4 axb4 17. axb4 g4 18. Be2 h5 19. Bd3 fxe4 20. Bxe4 Nf5 21. Re1 Qh4 22. Bxf5 g3 23. hxg3 fxg3 24. fxg3 Qd4+ 25. Qxd4 Bxd4+ 26. Kh2 Bxf5 27. cxd6 cxd6 28. Nxd6 Bg4 29. Ncb5 Bf2 30. Re7 Ra2 31. Rcc7 Rf3 32. Ne4 Kf8 33. Nbd6 Kg8 34. Re8+ Rf8 35. Nf6+ Kh8 36. Rxf8# 1-0

[Event "POL-chT 2nd League"]
[Site "Mrzezyno"]
[Date "2011.09.11"]
[Round "9.44"]
[White "Bugajski, Robert"]
[Black "Rymaszewski, Dariusz"]
[Result "1-0"]
[WhiteElo "2201"]
[BlackElo "2204"]
[PlyCount "63"]
[EventDate "2011.09.03"]
[EventType "team-swiss"]
[EventRounds "9"]
[EventCountry "POL"]
[SourceTitle "EXT 2019"]
[Source "ChessBase"]
[SourceDate "2018.10.10"]
[SourceVersion "1"]
[SourceVersionDate "2018.10.10"]
[SourceQuality "1"]
[WhiteTeam "Warszawa KU AZS UW w"]
[BlackTeam "Torun AZS UMK"]
[WhiteTeamCountry "POL"]
[BlackTeamCountry "POL"]

1. d4 g6 2. Nf3 Bg7 3. c4 d6 4. g3 Bg4 5. Bg2 Nc6 6. d5 Bxf3 7. exf3 Ne5 8. f4 Nd7 9. 0-0 Nh6 10. Nd2 0-0 11. Nf3 e6 12. dxe6 fxe6 13. Qe2 Qf6 14. Bd2 Nf7 15. Bc3 e5 16. fxe5 dxe5 17. Rad1 Rfd8 18. b3 Nf8 19. Rd2 Rxd2 20. Nxd2 c6 21. f4 Qd8 22. fxe5 Nxe5 23. Ne4 Qe7 24. c5 Nfd7 25. b4 a5 26. a3 axb4 27. axb4 Qe6 28. Bxe5 Nxe5 29. Qd2 Ng4 30. h3 Ne5 31. Qd6 Qxd6 32. Nxd6 1-0

[Event "POL-chT 2nd League"]
[Site "Mrzezyno"]
[Date "2011.09.10"]
[Round "8.38"]
[White "Rymaszewski, Dariusz"]
[Black "Ciesla, Adam"]
[Result "0-1"]
[WhiteElo "2204"]
[BlackElo "2313"]
[PlyCount "70"]
[EventDate "2011.09.03"]
[EventType "team-swiss"]
[EventRounds "9"]
[EventCountry "POL"]
[SourceTitle "EXT 2019"]
[Source "ChessBase"]
[SourceDate "2018.10.10"]
[SourceVersion "1"]
[SourceVersionDate "2018.10.10"]
[SourceQuality "1"]
[WhiteTeam "Torun AZS UMK"]
[BlackTeam "Czestochowa UKS Hetman"]
[WhiteTeamCountry "POL"]
[BlackTeamCountry "POL"]

1. Nc3 e5 2. e4 Nf6 3. g3 c6 4. d4 Qa5 5. Bg2 d6 6. Nge2 g6 7. 0-0 Bg7 8. dxe5 dxe5 9. Qd6 Nbd7 10. h3 Bf8 11. Qd1 h5 12. a3 Qc7 13. Bg5 a5 14. Nc1 Nh7 15. Be3 Bc5 16. Qd2 Nhf8 17. Nb3 Bxe3 18. Qxe3 h4 19. Na4 Ne6 20. Rfe1 b5 21. Nc3 Qa7 22. Qxa7 Rxa7 23. Nd1 Nb6 24. Ne3 Ke7 25. Nc1 Nc5 26. f4 hxg3 27. f5 Nc4 28. Nd3 Nxd3 29. cxd3 Nxb2 30. Bf1 Rd7 31. Rec1 Nxd3 32. Rxc6 Bb7 33. Rb6 Nf4 34. Bxb5 Nxh3+ 35. Kf1 Nf4 0-1

[Event "POL-chT 2nd div North"]
[Site "Lublin"]
[Date "1999.??.??"]
[Round "7"]
[White "Gorzkiewicz, Lukasz"]
[Black "Rymaszewski, Dariusz"]
[Result "0-1"]
[WhiteElo "2095"]
[BlackElo "2215"]
[PlyCount "54"]
[EventDate "1999.09.11"]
[EventType "team-swiss"]
[EventRounds "8"]
[EventCountry "POL"]
[SourceTitle "EXT 2003"]
[Source "ChessBase"]
[SourceDate "2002.11.25"]
[SourceVersion "1"]
[SourceVersionDate "2002.11.25"]
[SourceQuality "1"]
[WhiteTeam "POL-chT 2nd div North 5"]
[BlackTeam "Torun Torfarm 64"]
[WhiteTeamCountry "POL"]
[BlackTeamCountry "POL"]

1. e4 c5 2. Nf3 Nc6 3. d4 cxd4 4. Nxd4 e5 5. Nb5 Nf6 6. N1c3 d6 7. Bg5 a6 8. Na3 b5 9. Bxf6 gxf6 10. Nd5 Bg7 11. Bd3 Ne7 12. Qf3 Nxd5 13. exd5 0-0 14. Qh5 e4 15. Bxe4 f5 16. Bd3 Bxb2 17. Rb1 Bxa3 18. g4 f6 19. gxf5 Qe8+ 20. Qxe8 Rxe8+ 21. Kd2 Ra7 22. Rbe1 Rxe1 23. Rxe1 Kf8 24. f3 Bc5 25. Re2 Rg7 26. c4 b4 27. Bc2 Bd7 0-1

[Event "POL-chT 2nd div North"]
[Site "Lublin"]
[Date "1999.??.??"]
[Round "4"]
[White "Szczep, Zbigniew"]
[Black "Rymaszewski, Dariusz"]
[Result "0-1"]
[WhiteElo "2230"]
[BlackElo "2215"]
[PlyCount "54"]
[EventDate "1999.09.11"]
[EventType "team-swiss"]
[EventRounds "8"]
[EventCountry "POL"]
[SourceTitle "EXT 2003"]
[Source "ChessBase"]
[SourceDate "2002.11.25"]
[SourceVersion "1"]
[SourceVersionDate "2002.11.25"]
[SourceQuality "1"]
[WhiteTeam "POL-chT 2nd div North 4"]
[BlackTeam "Torun Torfarm 64"]
[WhiteTeamCountry "POL"]
[BlackTeamCountry "POL"]

1. c4 g6 2. e4 Bg7 3. d4 d6 4. Nf3 Nf6 5. Nc3 0-0 6. Be2 Bg4 7. 0-0 Nfd7 8. Be3 Nc6 9. Rc1 e5 10. d5 Bxf3 11. Bxf3 Nd4 12. b4 a5 13. a3 f5 14. Bxd4 exd4 15. Nb5 fxe4 16. Bxe4 Qh4 17. f4 axb4 18. Nxc7 bxa3 19. Nxa8 Rxa8 20. Bd3 Nc5 21. Rf2 Re8 22. g3 Qd8 23. Rd2 Qa5 24. Ra1 Re3 25. Kf2 Qc3 26. Bc2 d3 27. Kxe3 dxc2+ 0-1

[Event "Polanica Zdroj op"]
[Site "Polanica Zdroj"]
[Date "1992.??.??"]
[Round "3"]
[White "Pisulinski, Jan"]
[Black "Rymaszewski, Dariusz"]
[Result "1/2-1/2"]
[WhiteElo "2345"]
[BlackElo "2230"]
[PlyCount "91"]
[EventDate "1992.??.??"]
[EventType "swiss"]
[EventRounds "10"]
[EventCountry "POL"]
[SourceTitle "EXT 1998"]
[Source "ChessBase"]
[SourceDate "1997.11.17"]
[SourceVersion "1"]
[SourceVersionDate "1997.11.17"]
[SourceQuality "1"]

1. d4 g6 2. e4 Bg7 3. Nc3 d6 4. Be3 c6 5. Qd2 b5 6. f3 Nd7 7. Nge2 b4 8. Nd1 a5 9. Ng3 Nb6 10. a3 bxa3 11. Rxa3 a4 12. Be2 h5 13. 0-0 Nf6 14. Nc3 h4 15. Nh1 Be6 16. Rfa1 Rb8 17. Qc1 Bc4 18. Qf1 d5 19. e5 Nfd7 20. b3 axb3 21. cxb3 Bxe2 22. Qxe2 0-0 23. Nf2 c5 24. dxc5 Bxe5 25. Rc1 d4 26. Bh6 dxc3 27. Bxf8 Kxf8 28. cxb6 Qxb6 29. Kh1 Qb4 30. Ra4 Qxb3 31. Rxh4 Qb2 32. Qe3 g5 33. Nd3 Qd2 34. Re4 Bf6 35. Qxd2 cxd2 36. Rd1 Rb3 37. Nf2 Nc5 38. Rc4 Nd3 39. Ne4 Rb2 40. g3 Ne5 41. Rc8+ Kg7 42. Rxd2 Rb3 43. Nxf6 Kxf6 44. f4 gxf4 45. gxf4 Nd3 46. Rc4 1/2-1/2

[Event "Polanica Zdroj op"]
[Site "Polanica Zdroj"]
[Date "1992.??.??"]
[Round "7"]
[White "Skrobek, Ryszard"]
[Black "Rymaszewski, Dariusz"]
[Result "1/2-1/2"]
[WhiteElo "2410"]
[BlackElo "2230"]
[PlyCount "83"]
[EventDate "1992.??.??"]
[EventType "swiss"]
[EventRounds "10"]
[EventCountry "POL"]
[SourceTitle "EXT 1998"]
[Source "ChessBase"]
[SourceDate "1997.11.17"]
[SourceVersion "1"]
[SourceVersionDate "1997.11.17"]
[SourceQuality "1"]

1. e4 c5 2. Nf3 Nc6 3. Bb5 g6 4. c3 Bg7 5. 0-0 e5 6. d4 exd4 7. cxd4 Nxd4 8. Nxd4 cxd4 9. Bf4 Ne7 10. Na3 a6 11. Rc1 Nc6 12. Bc4 d6 13. Bd5 0-0 14. Bxc6 bxc6 15. Rxc6 Be5 16. Qd2 Bb7 17. Rcc1 Bxe4 18. Rfe1 Bd5 19. Bxe5 dxe5 20. Rxe5 Bxa2 21. Re4 d3 22. Rc3 Rc8 23. Rxd3 Qxd3 24. Qxd3 Rc1+ 25. Qf1 Rxf1+ 26. Kxf1 Rb8 27. b4 Rc8 28. Ke2 Bd5 29. Rg4 f5 30. Rg3 Rb8 31. Nc2 Be4 32. Rc3 Bxc2 33. Rxc2 Rxb4 34. Rc7 a5 35. Ra7 a4 36. g3 f4 37. Kf3 fxg3 38. hxg3 h5 39. Kg2 h4 40. gxh4 Rxh4 41. Kg3 Rb4 42. f4 1/2-1/2